000 01040nam a2200217Ia 4500
999 _c39348
_d39348
001 5935
003 GE_BSU
005 20190826105811.0
008 181216s1986||||ge |||||||||||||| ||geo||
040 _cGE_BSU
041 _ageo
080 _a821.353.1-1 ა-13
100 _aაბაშიძე, ირაკლი
_93740
245 _aოცი ლექსი გალაკტიონ ტაბიძეს /
_cირაკლი აბაშიძე ; რედ. ნინო ახალკაცი ; წინას.ავტ. გურამ გვერდწითიელი.
264 _aთბილისი :
_bმერანი ;
_c1986.
300 _a39 გვ.;
_c21 სმ.
653 _aოცი ლექსი გალაკტიონ ტაბიძეს.
700 _aახალკაცი, ნინო
_eრედაქტორი
_93780
700 _aგვერდწითელი, გურამ
_eწინასიტყვაობის ავტორი
_93781
942 _cBK
_2udc